[Event "AUTO-MASTER-2378"]
[Site "http://www.queenalice.com/game.php?id=1390795"]
[Date "2015.10.25"]
[Round "1"]
[White "Mariahi"]
[Black "hoff"]
[Result "0-1"]
[WhiteElo "2158"]
[BlackElo "2079"]

1. f4 Nf6 2. Nf3 g6 3. e3 Bg7 4. Nc3 d6 5. b3 O-O 6. Bb2 Bf5 7. Be2 c5 8. O-O
Nc6 9. Bb5 a6 10. Bxc6 bxc6 11. d3 Ng4 12. Qe2 d5 13. e4 dxe4 0-1

[Event "AUTO-OPEN-3507"]
[Site "http://www.queenalice.com/game.php?id=1391589"]
[Date "2015.10.31"]
[Round "2"]
[White "Regina1962"]
[Black "hoff"]
[Result "1-0"]
[WhiteElo "2086"]
[BlackElo "2091"]

1. d4 Nf6 2. c4 d6 3. Nc3 g6 4. e4 Bg7 5. f3 Nbd7 6. Be3 a6 7. Bd3 O-O 8. Nge2
b6 9. Qd2 c5 10. O-O cxd4 11. Bxd4 Nc5 12. Nd5 Be6 13. Nxf6+ exf6 14. Bc3 Ra7
15. b3 Rd7 16. Rad1 Re8 17. Bb1 Nb7 18. Nd4 Qc7 19. Kh1 Nc5 20. Qb2 Rde7 21.
Nxe6 Rxe6 22. Rd5 Nd7 23. Rfd1 Bf8 24. h4 Ne5 25. Qd2 Qd8 26. Qf2 Qb8 27. Bd4
Nd7 28. Be3 f5 29. Bf4 fxe4 30. fxe4 Rf6 31. Qg3 1-0

[Event "AUTO-OPEN-3507"]
[Site "http://www.queenalice.com/game.php?id=1391590"]
[Date "2015.10.31"]
[Round "2"]
[White "hoff"]
[Black "Regina1962"]
[Result "0-1"]
[WhiteElo "2106"]
[BlackElo "2068"]

1. d4 d5 2. c4 c6 3. Nc3 Nf6 4. Nf3 e6 5. Bg5 Be7 6. e3 Nbd7 7. Bd3 dxc4 8. Bxc4
O-O 9. Qc2 b5 10. Bd3 Bb7 11. O-O Rc8 12. a4 a6 13. Rfd1 Qc7 14. Rdc1 Qb8 15.
Bxh7+ Nxh7 16. Bxe7 Rfe8 17. Bh4 Qd6 18. Ne4 Qd5 19. Nfg5 Nxg5 20. Nxg5 g6 21.
Ne4 c5 22. f3 cxd4 23. Qd2 dxe3 24. Qxe3 Qh5 25. Nf6+ Nxf6 26. Bxf6 Qf5 27. Bg5
Bd5 28. Rf1 Rc2 29. g4 Qxg4+ 30. fxg4 Rg2+ 31. Kh1 Rg3+ 32. Rf3 Bxf3+ 33. Qxf3
Rxf3 0-1

[Event "AUTO-ADV-3437"]
[Site "http://www.queenalice.com/game.php?id=1393723"]
[Date "2015.11.12"]
[Round "3"]
[White "dadaspazzi"]
[Black "hoff"]
[Result "1-0"]
[WhiteElo "1988"]
[BlackElo "1978"]

1. d4 Nf6 2. c4 g6 3. Nc3 d6 4. g3 Bg7 5. Bg2 Nbd7 6. Nf3 c5 7. e4 b6 8. O-O O-O
9. h3 cxd4 10. Nxd4 Bb7 11. Be3 Rc8 12. b3 e5 13. Ndb5 Rb8 14. Nxd6 1-0

[Event "AUTO-ADV-3437"]
[Site "http://www.queenalice.com/game.php?id=1393724"]
[Date "2015.11.12"]
[Round "3"]
[White "hoff"]
[Black "dadaspazzi"]
[Result "0-1"]
[WhiteElo "1962"]
[BlackElo "2004"]

1. d4 d5 2. c4 e6 3. Nc3 Nf6 4. Nf3 c6 5. e3 Nbd7 6. Bd3 dxc4 7. Bxc4 b5 8. Bd3
a6 9. O-O Bd6 10. e4 e5 11. Bg5 h6 12. Bh4 exd4 13. Nxd4 Ne5 14. f4 Nxd3 15.
Qxd3 Bc5 16. Ne2 Bg4 0-1

[Event "AUTO-OPEN-3570"]
[Site "http://www.queenalice.com/game.php?id=1394442"]
[Date "2015.11.16"]
[Round "1"]
[White "TITAN10"]
[Black "hoff"]
[Result "1-0"]
[WhiteElo "1891"]
[BlackElo "2075"]

1. e4 d6 2. d4 Nf6 3. Bd3 g6 4. Ne2 Bg7 5. f4 Nbd7 6. O-O c5 7. c3 a6 8. h3 b5
9. Be3 c4 10. Bc2 Bb7 11. d5 Qc7 12. Ng3 O-O 13. Nd2 Rfe8 14. Qe2 e6 15. dxe6
fxe6 16. Rad1 Re7 17. Nf3 Rf8 18. Bd4 d5 19. e5 Ne8 20. Nh2 Bh6 21. Be3 Ng7 22.
Ng4 Nf5 23. Nxf5 exf5 24. Nxh6+ Kg7 25. Nxf5+ gxf5 26. Qh5 1-0

[Event "AUTO-OPEN-3570"]
[Site "http://www.queenalice.com/game.php?id=1394443"]
[Date "2015.11.16"]
[Round "1"]
[White "hoff"]
[Black "TITAN10"]
[Result "0-1"]
[WhiteElo "2080"]
[BlackElo "1894"]

1. d4 Nf6 2. c4 d6 3. Nc3 Bf5 4. f3 e6 5. e4 Bg6 6. Bd3 Nbd7 7. Nge2 e5 8. d5 c5
9. f4 exf4 10. Bxf4 a6 11. a4 Be7 12. Ng3 O-O 13. Qc2 Re8 14. O-O Bf8 15. Bg5
Ne5 16. Rf2 Be7 17. Nf5 Bxf5 18. exf5 Nxd3 19. Qxd3 Ng4 20. Bxe7 Rxe7 0-1

[Event "AUTO-OPEN-3570"]
[Site "http://www.queenalice.com/game.php?id=1394468"]
[Date "2015.11.16"]
[Round "1"]
[White "BALASH"]
[Black "hoff"]
[Result "1-0"]
[WhiteElo "1479"]
[BlackElo "1862"]

1. e4 d6 2. Nf3 Nf6 3. Bc4 g6 4. Nc3 Bg7 5. d3 O-O 6. a3 Re8 7. Bg5 Nbd7 8. Qd2
c5 9. Bh6 Ng4 10. Bxg7 Kxg7 11. h3 Nge5 12. Nxe5 Nxe5 13. Bb5 Bd7 14. Bxd7 Qxd7
15. O-O e6 16. Ne2 d5 17. f3 b5 18. f4 Nc6 19. Qc3+ 1-0

[Event "AUTO-OPEN-3570"]
[Site "http://www.queenalice.com/game.php?id=1394469"]
[Date "2015.11.16"]
[Round "1"]
[White "hoff"]
[Black "BALASH"]
[Result "0-1"]
[WhiteElo "1892"]
[BlackElo "1449"]

1. d4 d5 2. c4 Nf6 3. Nc3 e6 4. Nf3 h6 5. e3 Nc6 6. Bd3 Bb4 7. O-O Bxc3 8. bxc3
Bd7 9. Ba3 Ne7 10. Ne5 Ne4 11. Bxe4 Bc6 12. Nxc6 bxc6 13. Bxe7 Qxe7 14. cxd5
cxd5 15. Qa4+ Qd7 16. Qxd7+ Kf8 17. Bd3 Kg8 18. Rab1 f5 19. Qxc7 Kh7 20. Rb7
Rhg8 21. g4 Raf8 22. gxf5 exf5 0-1

[Event "AUTO-OPEN-3570"]
[Site "http://www.queenalice.com/game.php?id=1394484"]
[Date "2015.11.16"]
[Round "1"]
[White "Pagano"]
[Black "hoff"]
[Result "1-0"]
[WhiteElo "2028"]
[BlackElo "2007"]

1. e4 d6 2. d4 Nf6 3. Bd3 g6 4. Nf3 Bg7 5. O-O Nbd7 6. Bg5 e5 7. Qd2 h5 8. c4 b6
9. Nc3 O-O 10. Bh6 exd4 11. Nxd4 Ne5 12. Bxg7 Kxg7 13. f4 Nxd3 14. Qxd3 Bb7 15.
e5 Ng4 16. e6 Qe7 17. f5 Nf6 18. exf7 1-0

[Event "AUTO-OPEN-3570"]
[Site "http://www.queenalice.com/game.php?id=1394485"]
[Date "2015.11.16"]
[Round "1"]
[White "hoff"]
[Black "Pagano"]
[Result "0-1"]
[WhiteElo "1992"]
[BlackElo "2043"]

1. d4 d5 2. c4 c6 3. Nc3 Nf6 4. Nf3 dxc4 5. e4 b5 6. b4 Bg4 7. Be2 e6 8. Bg5
Bxb4 9. Qc2 Qa5 10. Bd2 Nbd7 11. h3 Bh5 12. a3 O-O 13. O-O Bxc3 14. Bxc3 Qc7 15.
e5 Nd5 16. Ng5 Bg6 17. Qd2 c5 0-1

[Event "AUTO-MASTER-2388"]
[Site "http://www.queenalice.com/game.php?id=1394521"]
[Date "2015.11.17"]
[Round "1"]
[White "mvson33"]
[Black "hoff"]
[Result "0-1"]
[WhiteElo "1978"]
[BlackElo "2057"]

1. Nf3 d6 2. d4 Nf6 3. Bg5 g6 4. e3 Bg4 5. Nbd2 Nbd7 6. Be2 c5 7. O-O Bg7 8. c3
b6 9. h3 Bf5 10. Nh4 h6 11. Nxf5 hxg5 12. Nxg7+ Kf8 13. Ne6+ fxe6 14. dxc5 bxc5
15. Bd3 Ne5 16. Bc2 Kg7 17. Nf3 Nxf3+ 18. Qxf3 Qc7 19. e4 d5 20. exd5 exd5 21.
Qd3 Rh6 22. Rfe1 Rf8 23. Re2 Ng4 24. Rae1 Qh2+ 0-1

[Event "AUTO-MASTER-2388"]
[Site "http://www.queenalice.com/game.php?id=1394522"]
[Date "2015.11.17"]
[Round "1"]
[White "hoff"]
[Black "mvson33"]
[Result "0-1"]
[WhiteElo "2052"]
[BlackElo "2180"]

1. d4 Nf6 2. c4 d5 3. Nc3 e6 4. Nf3 Be7 5. e3 O-O 6. b4 Bxb4 7. Bd2 dxc4 8. Bxc4
Nc6 9. a3 Be7 10. Qc2 Bd6 11. Bd3 h6 12. e4 Be7 13. Be3 Ng4 14. h3 Nxe3 15. fxe3
b6 16. a4 Bb7 17. Na2 Rc8 18. O-O Na5 19. Ne5 c5 20. d5 exd5 21. exd5 Qxd5 22.
Nf3 Rfd8 23. Rad1 Qb3 24. Bh7+ Kh8 25. Ne5 Qxc2 26. Bxc2 Rxd1 27. Bxd1 Rf8 28.
Nxf7+ Kg8 29. Ne5 Rxf1+ 30. Kxf1 Bd5 31. Nc3 Bxg2+ 32. Kxg2 Bf6 0-1

[Event "AUTO-MASTER-2388"]
[Site "http://www.queenalice.com/game.php?id=1394535"]
[Date "2015.11.17"]
[Round "1"]
[White "hoff"]
[Black "maxchessbr"]
[Result "0-1"]
[WhiteElo "2012"]
[BlackElo "2276"]

1. d4 Nf6 2. c4 e6 3. Nc3 d5 4. Nf3 c6 5. e3 Bd6 6. c5 Bc7 7. Bd3 Nbd7 8. b4 e5
9. e4 exd4 10. Nxd4 dxe4 11. Nxe4 Nxe4 12. Bxe4 Nf6 13. Qd3 Be5 14. Be3 O-O 15.
Rd1 Re8 16. f3 Nxe4 17. fxe4 Qc7 18. g3 Bg4 19. Rd2 Rad8 20. Bf2 Bh3 21. Qf3 Qc8
22. Be3 Bg4 23. Qf2 Bxd4 0-1

[Event "AUTO-MASTER-2388"]
[Site "http://www.queenalice.com/game.php?id=1394536"]
[Date "2015.11.17"]
[Round "1"]
[White "maxchessbr"]
[Black "hoff"]
[Result "1-0"]
[WhiteElo "2302"]
[BlackElo "2112"]

1. e4 d6 2. d4 Nf6 3. Nc3 g6 4. f3 Nbd7 5. Be3 Bg7 6. Qd2 e5 7. Nge2 O-O 8. Bh6
b6 9. Bxg7 Kxg7 10. O-O-O a6 11. g4 Ne8 12. h4 Kg8 13. g5 Ng7 14. Ng3 f6 15.
Bc4+ Kh8 16. h5 fxg5 17. hxg6 h5 18. Nxh5 Nxh5 19. Rxh5+ Kg7 20. Bf7 Rxf7 21.
gxf7 Kg6 22. Rdh1 1-0